000 00567cam a2200217ua 4500
005 20260515114738.0
008 190916n ii |||gr||||Z||||||eng
020 _a9780195602548
040 _cMAIN
_aIN-DiNC
041 _deng
082 _a823.914
_bRAO
100 _aRao, Raja
_eauthor
245 _aKanthapura/
_cBy Raja Rao
250 _a2nd ed.
260 _aNew Delhi:
_bOxford University Press,
_c2018
300 _axx, 267p.
650 _aIndian novel in English
653 _aEnglish fiction
653 _aIndian English literature
942 _cBK
_2ddc
999 _c10202
_d10202